Nastal čas expanze? Makroekonomická stabilita dosažena.
Koncom r. 1991 sa v ČSFR dosiahla stabilizácia cenovej hladiny. Nie je možné však opustiť princípy makroekonomickej reštrikcie. Vymedzenie činiteľov, ktoré povedú k presúvaniu pozornosti z oblasti reštrikcie dopytu (so znižovaním nákladov a zvyšovaním kvality) ako predpoklad hospodárskeho rastu. Cha...
Salvato in:
| Autore principale: | |
|---|---|
| Natura: | Capitolo di libro |
| Lingua: | ceco |
| Soggetti: | |
| Tags: |
Nessun Tag, puoi essere il primo ad aggiungerne!!
|
MARC
| LEADER | 00000naa a2200000 4500 | ||
|---|---|---|---|
| 001 | r006358 | ||
| 005 | 20230221120927.1 | ||
| 041 | 0 | |a cze | |
| 044 | |a [CS] | ||
| 245 | 1 | 0 | |a Nastal čas expanze? |b Makroekonomická stabilita dosažena. |c Jiří Jonáš |
| 520 | |a Koncom r. 1991 sa v ČSFR dosiahla stabilizácia cenovej hladiny. Nie je možné však opustiť princípy makroekonomickej reštrikcie. Vymedzenie činiteľov, ktoré povedú k presúvaniu pozornosti z oblasti reštrikcie dopytu (so znižovaním nákladov a zvyšovaním kvality) ako predpoklad hospodárskeho rastu. Charakteristika úlohy štátu a hospodárskej politiky pri prechode k trhovej ekonomike. | ||
| 610 | 2 | 0 | |a stabilizácia hospodárstva |
| 610 | 2 | 0 | |a stabilita cien |
| 610 | 2 | 0 | |a ČSFR |
| 610 | 2 | 0 | |a politika hospodárska |
| 610 | 2 | 0 | |a politika cenová |
| 100 | 1 | |a Jonáš, Jiří | |